| 000 | 00598nam a2200217 a 4500 | ||
|---|---|---|---|
| 005 | 20140310183449.0 | ||
| 008 | 081223s19uu xx 00 eng d | ||
| 020 | _a9780194572132 | ||
| 050 |
_aHF 5721 _b.As85 2008 |
||
| 100 | _aAshley, A. | ||
| 245 | _aOxford handbook of commercial correspondence. / | ||
| 260 |
_aNew York : _bOxford University Press, _c2003. |
||
| 300 |
_a304 p. : _bill. ; _c27 cm. |
||
| 521 | _aBSBA | ||
| 650 | _aBSBA. | ||
| 650 | _aCommercial correspondence. | ||
| 650 | _aBusiness report writing. | ||
| 942 |
_cBK _2lcc _kFOR |
||
| 999 |
_c23345 _d23345 |
||